Counties in Oklahoma - Statistics

General Stats
  • This quiz has been taken 89 times
  • The average score is 52 of 77
Answers on the Map
Answers color-coded by a green-red scale on the quiz's map according to % correct below.
 
Answer Stats
Population County % Correct
718,633 Oklahoma County
92%
603,403 Tulsa County
92%
46,987 Cherokee County
87%
34,273 Lincoln County
87%
115,541 Canadian County
85%
47,472 Osage County
85%
50,976 Washington County
85%
20,64 Texas County
82%
41,848 Logan County
79%
5,636 Beaver County
77%
2,475 Cimarron County
77%
6,472 Jefferson County
77%
15,034 Kingfisher County
77%
77,35 Payne County
77%
25,482 Seminole County
77%
255,755 Cleveland County
74%
69,967 Creek County
74%
46,562 Kay County
74%
22,683 Adair County
72%
15,205 Choctaw County
72%
15,029 Craig County
72%
60,58 Garfield County
72%
9,423 Love County
72%
16,577 Pawnee County
72%
3,647 Roger Mills County
72%
47,557 Carter County
69%
124,098 Comanche County
69%
4,527 Grant County
69%
9,446 Kiowa County
69%
33,151 McCurtain County
69%
86,905 Rogers County
69%
73,085 Wagoner County
69%
20,081 Woodward County
69%
42,416 Bryan County
67%
29,6 Caddo County
67%
27,469 Custer County
67%
26,446 Jackson County
67%
50,384 Le Flore County
67%
41,259 Mayes County
67%
70,99 Muskogee County
67%
11,561 Noble County
67%
40,069 Okmulgee County
67%
5,642 Alfalfa County
64%
14,182 Atoka County
64%
6,193 Cotton County
64%
41,487 Delaware County
64%
4,151 Ellis County
64%
7,527 Major County
64%
15,84 Marshall County
64%
31,848 Ottawa County
64%
45,837 Pittsburg County
64%
8,878 Woods County
64%
4,81 Dewey County
62%
27,576 Garvin County
62%
6,239 Greer County
62%
2,922 Harmon County
62%
3,685 Harper County
62%
10,536 Nowata County
62%
69,442 Pottawatomie County
62%
14,003 Hughes County
59%
10,957 Johnston County
59%
11,154 Latimer County
59%
34,506 McClain County
59%
13,488 Murray County
59%
12,191 Okfuskee County
59%
11,572 Pushmataha County
59%
42,391 Sequoyah County
59%
11,943 Blaine County
56%
5,925 Coal County
56%
20,252 McIntosh County
56%
45,048 Stephens County
56%
7,992 Tillman County
56%
22,119 Beckham County
54%
52,431 Grady County
54%
11,629 Washita County
54%
37,492 Pontotoc County
51%
12,769 Haskell County
49%
No matching quizzes found
Score Distribution
Percent of People with Each Score
Percentile by Number Answered
Your Score History
You have not taken this quiz